|
|
|
|
| LEADER |
00000nam0a2200000 4500 |
| 001 |
154090 |
| 005 |
20231101221734.0 |
| 010 |
|
|
|a 5295002748
|
| 020 |
|
|
|a RU
|b 90-2005
|
| 035 |
|
|
|a (RuTPU)RU\TPU\book\167145
|
| 090 |
|
|
|a 154090
|
| 100 |
|
|
|a 20090220d1989 m y0rusy5003 ca
|
| 101 |
1 |
|
|a rus
|c eng
|
| 102 |
|
|
|a RU
|
| 105 |
|
|
|a a z 000ay
|
| 200 |
1 |
|
|a Принц и нищий
|e повесть, рассказы
|e пер. с англ.
|f М. Твен
|g худож. С. Маджар
|
| 210 |
|
|
|a Уфа
|c Башкирское книжное издательство
|d 1989
|
| 215 |
|
|
|a 288 с.
|c ил.
|d 21 см
|
| 610 |
1 |
|
|a американская литература
|
| 610 |
1 |
|
|a повести
|
| 610 |
1 |
|
|a рассказы
|
| 675 |
|
|
|a 82
|z rus
|
| 700 |
|
1 |
|a Твен
|b М.
|c американский писатель
|c настоящие имя и фамилия Самюэл Ленгхорн Клеменс
|f 1835-1910
|g Марк
|2 stltpush
|3 (RuTPU)RU\TPU\pers\15890
|9 5545
|
| 702 |
|
1 |
|a Маджар
|b С.
|4 440
|
| 801 |
|
0 |
|a RU
|b RuMRKP
|c 19950417
|g psbo
|
| 801 |
|
1 |
|a RU
|b 63413507
|c 20090220
|g PSBO
|
| 801 |
|
2 |
|a RU
|b 63413507
|c 20090220
|g PSBO
|
| 942 |
|
|
|c BK
|